000 00856nam a2200289Ia 4500
001 dia_2712
003 CHAP
005 20230313094655.0
008 220117s1994 xx 000 0 und d
010 _a173230
020 _a84-200-0767-6
040 _cCHAP
082 _a664.07 A59 1994
100 _aAnzaldua Morales, Antonio
_96172
245 _aLa evaluación sensorial de los alimentos en la teoría y en la práctica /
_c Antonio Anzaldua Morales
260 _aEspaña :
_b Acribia,
_c1994
300 _axv, 198 p.
503 _aC/e
504 _aIncluye bibliografías
590 _aTX546 A53 1994
650 _a1.Tecnología alimentaria
_9153394
650 _aFood technology
_9148811
901 _a664.07 A59 1994
902 _aM
905 _a5232271994 SP A 8222223322SPA16
942 _cLIBRO
_2ddc
999 _c173230
_d173230